[Event "Challenge"]
[Site "http://www.queenalice.com/game.php?id=1174162"]
[Date "2013.4.22"]
[Round "-"]
[White "crisvolei"]
[Black "nickpet"]
[Result "0-1"]
[WhiteElo "1413"]
[BlackElo "1747"]

1. e3 e5 2. d4 exd4 3. Qxd4 Nc6 4. Qe4+ Qe7 5. Qxe7+ Bxe7 6. e4 Nd4 7. Bd3 d6 8.
c3 Nc6 9. b4 Ne5 10. Ke2 Nxd3 11. Kxd3 b6 12. b5 a5 13. a4 Nf6 14. Nf3 Ng4 15.
Be3 Bd7 16. Nd4 c5 17. bxc6 Ne5+ 18. Kc2 Nxc6 19. Nxc6 Bxc6 20. f3 O-O 21. Na3
Bxa4+ 22. Kb2 Bf6 23. Bxb6 Rac8 24. Ka2 Rxc3 25. Bxa5 Bb3+ 26. Kb2 Rd3+ 27. Bc3
Bxc3+ 28. Kxb3 Bxa1+ 29. Kb4 Rb8+ 30. Nb5 Be5 31. Rc1 Rd2 32. Ka4 Rb2 33. g4
Ra8+ 34. Na7 Rxa7# 0-1

[Event "Challenge"]
[Site "http://www.queenalice.com/game.php?id=1174983"]
[Date "2013.4.25"]
[Round "-"]
[White "nickpet"]
[Black "crisvolei"]
[Result "1-0"]
[WhiteElo "1759"]
[BlackElo "1439"]

1. e4 e5 2. Nf3 f6 3. Nxe5 fxe5 4. Qh5+ Ke7 5. Qxe5+ Kf7 6. Bc4+ d5 7. Bxd5+ Kg6
8. d3 Qh4 9. Qe8+ Kf6 10. Qd8+ Be7 11. Qxc8 Bc5 12. Qf5+ Ke7 13. Bg5+ Qxg5 14.
Qxg5+ Kd6 15. Qxg7 Nd7 16. Qxh8 Nb6 17. Bxg8 Kc6 18. Qf6+ Kb5 19. Bxh7 Rf8 20.
a4+ Nxa4 21. Qg7 Bxf2+ 22. Kd2 Bc5 23. Nc3+ Nxc3 24. Qxc3 Rf2+ 25. Kd1 b6 26.
Qc4+ Kc6 27. Qd5+ Kb5 28. Qd7+ c6 29. Qxa7 Bb4 30. b3 Rd2+ 31. Kc1 Rxg2 32. d4
Bd2+ 33. Kb2 Ba5 34. e5 Kb4 35. Bd3 c5 36. Ra4# 1-0

[Event "Challenge"]
[Site "http://www.queenalice.com/game.php?id=1175147"]
[Date "2013.4.25"]
[Round "-"]
[White "nickpet"]
[Black "tucuman"]
[Result "1/2-1/2"]
[WhiteElo "1745"]
[BlackElo "1569"]

1. e4 e5 2. Nf3 d6 3. Bc4 h6 4. d3 Nc6 5. c3 a6 6. h4 Nf6 7. Qb3 Be7 8. Bxf7+
Kf8 9. Bg6 d5 10. exd5 Qxd5 11. O-O Qxb3 12. axb3 Be6 13. Re1 Bd6 14. b4 Bf7 15.
Bxf7 Kxf7 16. b5 axb5 17. Rxa8 Rxa8 18. Nbd2 Re8 19. Ne4 Nxe4 20. Rxe4 Na5 21.
b4 Nb3 22. Bb2 c5 23. bxc5 Nxc5 24. Re3 Kg8 25. c4 bxc4 26. dxc4 b6 27. Nxe5
Bxe5 28. Bxe5 Ra8 29. Bc7 Ra1+ 30. Kh2 Na4 31. Rb3 Rc1 32. Rb4 Rc2 33. Rxa4 Rb2
34. f4 b5 35. Ra8+ Kh7 36. c5 b4 37. Be5 Rc2 38. Ra4 b3 39. Rb4 b2 40. Bxb2 Rxc5
41. Rb7 Rf5 42. Rxg7+ Kh8 43. Rf7+ Kg8 44. Rxf5 Kh7 45. h5 Kg8 46. Rf6 Kh7 47.
Rg6 1/2-1/2

[Event "Let's Play Chess!"]
[Site "http://www.queenalice.com/game.php?id=1175148"]
[Date "2013.4.26"]
[Round "-"]
[White "nickpet"]
[Black "GiulioTorino"]
[Result "0-1"]
[WhiteElo "1756"]
[BlackElo "1765"]

1. e4 e5 2. Qh5 Nc6 3. Bc4 Qf6 4. d3 Bc5 5. f3 g6 6. Qg4 d5 7. Qg5 dxc4 8. c3
cxd3 9. Na3 h6 10. Qd2 Be6 11. Qxd3 Rd8 12. Qb5 Bb6 13. Nh3 Ne7 14. Nf2 O-O 15.
h4 a6 16. Qe2 Rd7 17. Ng4 Bxg4 18. fxg4 Rfd8 19. Bxh6 Ba5 20. Bg5 Qe6 21. Nc4
Nd4 22. Qf2 Qxc4 23. Bf6 Qd3 24. Rc1 Rd6 25. Bxe7 c5 26. Rf1 Nc2+ 27. Qxc2 Qe3+
28. Qe2 Qxc1+ 29. Kf2 Qf4+ 30. Kg1 Qg3 31. Bxd8 Bxd8 32. Qf3 Qf4 33. g3 Qxf3 34.
Rxf3 Rd2 35. b4 cxb4 36. cxb4 Rxa2 37. Rb3 Bb6+ 38. Kf1 Rf2+ 39. Ke1 f5 40. gxf5
gxf5 41. exf5 Rxf5 42. Rb2 Bd4 43. Rc2 e4 44. Rc4 Rd5 45. g4 e3 46. Ke2 Ba7 47.
Rc7 Rb5 48. Rc4 a5 49. bxa5 Rxa5 50. Rc2 Ra4 51. Kf3 b5 52. h5 b4 53. Rb2 Bc5
54. Rc2 Bb6 55. h6 b3 56. Rb2 Ra3 57. g5 Kh7 58. Kf4 Kg6 59. Kf3 Bd4 60. Rb1 b2
61. Ke4 Ra1 62. Kxd4 Rxb1 63. Kxe3 Rg1 64. h7 Kxh7 65. Kf4 b1=Q 66. g6+ Qxg6 67.
Ke5 Rf1 68. Kd5 Re1 69. Kd4 Qd6+ 70. Kc3 Rc1+ 71. Kb2 Rc8 72. Kb3 Qb6+ 73. Ka2
Ra8# 0-1

[Event "Let's Play Chess!"]
[Site "http://www.queenalice.com/game.php?id=1175149"]
[Date "2013.4.26"]
[Round "-"]
[White "GiulioTorino"]
[Black "nickpet"]
[Result "1-0"]
[WhiteElo "1703"]
[BlackElo "1765"]

1. e4 e5 2. Bc4 Nf6 3. Nf3 Nxe4 4. Nxe5 Nd6 5. Qf3 f6 6. Qh5+ g6 7. Nxg6 Nxc4 8.
Nxh8+ Ke7 9. Qf7+ Kd6 10. Qxc4 Qe7+ 11. Qe2 Qg7 12. Qd3+ Ke7 13. Qe3+ Kd8 14. d4
Qxh8 15. c4 Bb4+ 16. Bd2 Nc6 17. d5 Bxd2+ 18. Nxd2 Nb4 19. Qc3 Qe8+ 20. Kd1 Qh5+
21. f3 Nxd5 22. cxd5 Qf5 23. Ne4 Qxd5+ 24. Kc2 f5 25. Qh8+ Ke7 26. Qxh7+ Qf7 27.
Qh4+ Kf8 28. Nc3 d6 29. Rae1 f4 30. Re4 Bf5 31. Re1 Bxe4+ 32. Rxe4 Kg7 33. Re7
Qxe7 34. Qxe7+ Kg6 35. Ne4 d5 36. Qf6+ Kh7 37. Ng5+ Kg8 38. Qg6+ Kh8 39. Qh7#
1-0

[Event "Challenge"]
[Site "http://www.queenalice.com/game.php?id=1176919"]
[Date "2013.5.1"]
[Round "-"]
[White "tucuman"]
[Black "nickpet"]
[Result "0-1"]
[WhiteElo "1545"]
[BlackElo "1748"]

1. e4 e5 2. c4 Bc5 3. d3 Qf6 4. Qf3 d6 5. Be3 Na6 6. a3 Nh6 7. h3 Bd4 8. Bxd4
exd4 9. Nd2 Nc5 10. Qxf6 gxf6 11. g3 f5 12. exf5 Nxf5 13. O-O-O a6 14. Bg2 Nxd3+
15. Kc2 Nxf2 16. Ngf3 Ne3+ 17. Kb1 Nexd1 18. Re1+ Kf8 19. Nxd4 Bxh3 20. Bxh3
Nxh3 21. Rxd1 Re8 22. Nf5 Re2 23. Nf3 Nf2 24. Rf1 Nd3 25. N3d4 Rxb2+ 26. Ka1 c5
27. Nf3 Rg8 28. Nxd6 Rb3 29. Nf5 Rxa3+ 30. Kb1 h5 31. N3h4 Ne5 32. Nd6 b6 33.
Nhf5 Rg4 34. Re1 f6 35. Rf1 Nxc4 36. Nxc4 Rxc4 37. Nd6 Rb3+ 38. Ka2 Rcb4 39. Nc8
Rxg3 40. Rxf6+ Kg7 41. Rf5 Re4 42. Rxh5 Re2+ 43. Kb1 Rg1# 0-1

[Event "Challenge"]
[Site "http://www.queenalice.com/game.php?id=1178171"]
[Date "2013.5.3"]
[Round "-"]
[White "nickpet"]
[Black "tucuman"]
[Result "1/2-1/2"]
[WhiteElo "1711"]
[BlackElo "1514"]

1. e4 e5 2. Nf3 d6 3. Bc4 h6 4. O-O Nf6 5. d3 a6 6. a4 Nc6 7. h3 Be7 8. d4 exd4
9. Nxd4 Nxd4 10. Qxd4 O-O 11. Qc3 Be6 12. b3 d5 13. exd5 Bxd5 14. Qg3 Bxc4 15.
bxc4 Nh5 16. Qg4 Nf6 17. Qg3 g5 18. h4 Nh5 19. Qg4 Nf6 20. Qg3 Nh7 21. f4 Qd4+
22. Kh1 Qxa1 23. fxg5 Bxg5 24. hxg5 hxg5 25. Bxg5 Nxg5 26. Qxg5+ Qg7 27. Qd5
Qh6+ 28. Kg1 Rae8 29. Nd2 Re6 30. Ne4 Qe3+ 31. Nf2 Rg6 32. Qxb7 Rg7 33. Qxc7 Rh7
34. Qd6 Rg7 35. g4 Rxg4+ 36. Kh2 Rh4+ 37. Kg2 Qg5+ 38. Qg3 Qxg3+ 39. Kxg3 Rh7
40. Ng4 f5 41. Ne5 Rg7+ 42. Kf4 a5 43. c5 Rc8 44. c6 Rf8 45. Nd7 Rc8 46. Nf6+
Kf8 47. Nd7+ Kf7 48. Ne5+ Kf6 49. Rd1 Ke6 50. c4 Rh7 51. Rd5 Rh4+ 52. Kg3 Rxc4
53. Rxa5 R4xc6 54. Nxc6 Rxc6 55. Rb5 Rc4 56. a5 Ra4 57. Rb6+ Ke5 58. a6 Ke4 59.
Re6+ Kd5 60. Rb6 Ke5 61. Rb5+ Ke4 62. Rb6 Ra3+ 63. Kf2 f4 64. Rb4+ Ke5 65. Rb5+
Ke4 66. Rb4+ Kf5 67. Rb5+ Ke4 1/2-1/2

[Event "Challenge"]
[Site "http://www.queenalice.com/game.php?id=1178172"]
[Date "2013.5.3"]
[Round "-"]
[White "nickpet"]
[Black "tucuman"]
[Result "1-0"]
[WhiteElo "1740"]
[BlackElo "1525"]

1. e4 e5 2. Nf3 d6 3. d3 h6 4. c3 Nc6 5. Be2 a6 6. h3 Nf6 7. Qb3 Be7 8. d4 Nxe4
9. Bd3 Nf6 10. Bc4 O-O 11. dxe5 dxe5 12. O-O b6 13. Rd1 Bd6 14. Nbd2 Na5 15. Qc2
Bd7 16. Bd3 Bc6 17. b4 Nb7 18. Nc4 Bxf3 19. gxf3 b5 20. Ne3 Nh5 21. Nf5 Qg5+ 22.
Bxg5 hxg5 23. Nxd6 Nxd6 24. Re1 Rae8 25. Bh7+ Kh8 26. a4 f5 27. Bg6 Nf4 28. Bxe8
Rxe8 29. axb5 axb5 30. Ra7 Nxh3+ 31. Kf1 e4 32. Rxc7 Nc4 33. fxe4 fxe4 34. Rxe4
Rf8 35. Ree7 Rxf2+ 36. Qxf2 Nxf2 37. Rxg7 Nd6 38. Rxg5 Nfe4 39. Rg2 Nxc3 40. Rc5
Nce4 41. Rh5# 1-0

[Event "Challenge"]
[Site "http://www.queenalice.com/game.php?id=1178641"]
[Date "2013.5.5"]
[Round "-"]
[White "nickpet"]
[Black "tucuman"]
[Result "0-1"]
[WhiteElo "1770"]
[BlackElo "1544"]

1. e4 e5 2. d4 exd4 3. Qxd4 Nc6 4. Qd5 Nf6 5. Qd3 d6 6. h3 Bd7 7. c3 Be7 8. Qg3
O-O 9. Bh6 g6 10. Bxf8 Qxf8 11. Bd3 Rd8 12. Qe3 Qg7 13. Na3 a6 14. Nf3 Ne5 15.
Nxe5 dxe5 16. Nc4 Nh5 17. Qa7 Bc6 18. Na5 Rxd3 19. Nxc6 bxc6 20. Qxc7 Bg5 21.
O-O Qf6 22. g4 Nf4 23. f3 Ne2+ 24. Kg2 Qf4 25. Qc8+ Kg7 26. Kh1 Qg3 27. Rf2 Qxf2
28. Qxc6 Ng3# 0-1

[Event "Challenge"]
[Site "http://www.queenalice.com/game.php?id=1178642"]
[Date "2013.5.5"]
[Round "-"]
[White "tucuman"]
[Black "nickpet"]
[Result "0-1"]
[WhiteElo "1478"]
[BlackElo "1747"]

1. e4 e5 2. c4 Bc5 3. d3 Qf6 4. Qf3 Nh6 5. h3 Nc6 6. Qxf6 gxf6 7. Be2 Rg8 8. Bf3
Nd4 9. Bd1 Rxg2 10. Nf3 d6 11. Be3 Nxf3+ 12. Bxf3 Rg6 13. Bxc5 dxc5 14. Nc3 c6
15. O-O-O f5 16. exf5 Nxf5 17. Rdg1 Nd4 18. Rxg6 hxg6 19. Bg4 Bxg4 20. hxg4
O-O-O 21. Na4 b6 22. Rh7 f5 23. gxf5 gxf5 24. Rxa7 Ne2+ 25. Kd2 Kb8 26. Ra6 b5
27. cxb5 cxb5 28. Rb6+ Kc7 29. Rxb5 Nf4 30. Rxc5+ Kb7 31. Rxe5 Rxd3+ 32. Kc2 Rd4
33. Rxf5 Rxa4 34. Rxf4 Rxf4 35. a3 Rxf2+ 36. Kb3 Rf3+ 37. Kc2 Kb6 38. b3 Kb5 39.
Kb2 Kc5 40. Kc2 Kd4 41. a4 Kc5 42. Kb2 Kb4 43. Kc2 Rxb3 44. a5 Ra3 45. a6 Rxa6
46. Kb2 Rc6 47. Ka2 Rc2+ 48. Kb1 Kb3 49. Ka1 Rc1# 0-1

[Event "Challenge"]
[Site "http://www.queenalice.com/game.php?id=1178643"]
[Date "2013.5.5"]
[Round "-"]
[White "tucuman"]
[Black "nickpet"]
[Result "0-1"]
[WhiteElo "1576"]
[BlackElo "1750"]

1. e4 e5 2. c4 d6 3. d3 h6 4. Nc3 c6 5. h3 Qb6 6. Nf3 Na6 7. Be2 Qd8 8. Bd2 Qf6
9. Qc2 Nb4 10. Qb3 a5 11. O-O Qg6 12. g4 h5 13. Nh2 Nf6 14. f3 hxg4 15. hxg4 Qh7
16. Rf2 Nxd3 17. Bxd3 Bxg4 18. fxg4 Nxg4 19. Nxg4 Qh1# 0-1

[Event "Challenge"]
[Site "http://www.queenalice.com/game.php?id=1179229"]
[Date "2013.5.7"]
[Round "-"]
[White "nickpet"]
[Black "Mr_SPOCK"]
[Result "0-1"]
[WhiteElo "1752"]
[BlackElo "1728"]

1. e4 e5 2. Nf3 Nc6 3. c3 Nf6 4. Qb3 a5 5. Ng5 d5 6. exd5 Nxd5 7. d4 exd4 8.
cxd4 Nxd4 9. Qa4+ Nc6 10. Bb5 Bb4+ 11. Bd2 O-O 12. Qc2 Qxg5 13. g3 Qe5+ 14. Kd1
Bg4+ 15. Kc1 Nd4 16. Qd3 Ne2+ 17. Kc2 Bf5 18. Qxf5 Qxf5+ 19. Bd3 Qxf2 20. Bxe2
Qxe2 21. Re1 Ne3+ 22. Kb3 a4+ 23. Kxb4 c5+ 24. Kxc5 Qc4+ 25. Kd6 Qd5+ 26. Kc7
Qc6# 0-1

[Event "Challenge"]
[Site "http://www.queenalice.com/game.php?id=1179230"]
[Date "2013.5.7"]
[Round "-"]
[White "Mr_SPOCK"]
[Black "nickpet"]
[Result "1-0"]
[WhiteElo "1681"]
[BlackElo "1712"]

1. e4 e5 2. Nf3 d6 3. Nc3 a6 4. Bc4 h6 5. d3 c6 6. b4 b5 7. Bb3 Qf6 8. a4 Qg6 9.
O-O Bh3 10. Nh4 Qg4 11. Qxg4 Bxg4 12. Ba3 Be7 13. Nf5 Bxf5 14. exf5 Bf6 15. a5
e4 16. Nxe4 Bxa1 17. Nxd6+ Ke7 18. Nb7 Nf6 19. Rxa1 Nbd7 20. Re1+ Kf8 21. Nd6
Nd5 22. c4 Nf4 23. cxb5 Nxd3 24. Re3 N7e5 25. bxc6 Ke7 26. Nxf7 Rhf8 27. b5+ Kf6
28. g4 Rfe8 29. b6 Nxc6 30. Rxd3 g5 31. fxg6 Nxa5 32. Rd6+ Kg7 33. Bb2+ Kf8 34.
g7+ Ke7 35. Bf6# 1-0

[Event "Challenge"]
[Site "http://www.queenalice.com/game.php?id=1180317"]
[Date "2013.5.10"]
[Round "-"]
[White "tucuman"]
[Black "nickpet"]
[Result "0-1"]
[WhiteElo "1538"]
[BlackElo "1703"]

1. e4 e5 2. c4 Qf6 3. d3 Bc5 4. Qf3 d6 5. Qxf6 Nxf6 6. h3 Na6 7. a3 h6 8. Nf3
O-O 9. Nc3 c6 10. Be2 Be6 11. O-O Nc7 12. b4 Bb6 13. Be3 Bxe3 14. fxe3 a5 15.
Nh2 axb4 16. axb4 Rab8 17. Na4 b5 18. cxb5 Rxb5 19. d4 Rxb4 20. Nc3 exd4 21.
exd4 Rxd4 22. Bf3 Bc4 23. Rfd1 c5 24. Rxd4 cxd4 25. Nd5 Ncxd5 26. exd5 Nxd5 27.
Rc1 Ne3 28. Ng4 Re8 29. Nxe3 Rxe3 30. Rxc4 d3 31. Rd4 Re1+ 32. Kh2 Re3 33. Rxd6
f5 34. Kg1 g5 35. Rxh6 g4 36. hxg4 d2 37. Rd6 fxg4 38. Bxg4 Re4 39. Rxd2 Rxg4
40. Rf2 Kg7 41. Rf3 Kg6 42. Kf2 Kh5 43. g3 Kg5 44. Kg2 Rd4 45. Kf2 Kg4 46. Ke3
Ra4 47. Kf2 Ra2+ 48. Ke3 Ra3+ 49. Kf2 Rxf3+ 50. Ke2 Kxg3 51. Kd2 Kf2 52. Kd1
Rd3+ 53. Kc2 Ke2 54. Kb2 Kd2 55. Kb1 Rb3+ 56. Ka2 Kc2 57. Ka1 Ra3# 0-1

[Event "Challenge"]
[Site "http://www.queenalice.com/game.php?id=1183440"]
[Date "2013.5.22"]
[Round "-"]
[White "tucuman"]
[Black "nickpet"]
[Result "1-0"]
[WhiteElo "1479"]
[BlackElo "1737"]

1. e4 e5 2. Nf3 d6 3. Bc4 h6 4. d3 c6 5. O-O Qf6 6. Re1 Be7 7. Be3 Qg6 8. Nc3
Bh3 9. g3 f5 10. exf5 Qxf5 11. d4 e4 12. Nd2 d5 13. Bf1 Bg4 14. Be2 Bxe2 15.
Qxe2 Na6 16. Bf4 Nf6 17. Rf1 Nb4 18. Nb3 b6 19. a3 g5 20. Be5 h5 21. axb4 Bxb4
22. f3 Qe6 23. fxe4 dxe4 24. Nxe4 Be7 25. Nxf6+ Bxf6 26. Rfe1 Bxe5 27. dxe5
O-O-O 28. Qa6+ Kb8 29. Qxa7+ Kc8 30. Qxb6 Rh7 31. Nc5 Qg6 32. Ra8# 1-0

[Event "Challenge"]
[Site "http://www.queenalice.com/game.php?id=1183611"]
[Date "2013.5.22"]
[Round "-"]
[White "nickpet"]
[Black "tucuman"]
[Result "1/2-1/2"]
[WhiteElo "1695"]
[BlackElo "1567"]

1. e4 e5 2. d4 exd4 3. Qxd4 Nc6 4. Qd5 Nf6 5. Qc4 d6 6. Nf3 h6 7. c3 Be7 8. Na3
Bd7 9. Qd3 a6 10. h3 O-O 11. e5 dxe5 12. Nxe5 Nxe5 13. Qg3 Ng6 14. Bd3 Bd6 15.
Qf3 Bc6 16. Qd1 Qe7+ 17. Kf1 Nh7 18. Nc4 Bc5 19. Qg4 Qf6 20. f3 Rae8 21. b4 b5
22. Bd2 bxc4 23. Qxc4 Be7 24. Kf2 Ne5 25. Qxa6 Nxd3+ 26. Qxd3 Bd6 27. Qc4 Bd7
28. a4 Qh4+ 29. Qxh4 Bf5 30. Rae1 c5 31. Rxe8 Rxe8 32. Re1 Ra8 33. b5 c4 34.
Qxc4 Be6 35. Qc6 Rd8 36. a5 Rc8 37. Qxd6 Nf6 38. Rxe6 Ra8 39. Rxf6 gxf6 40. Qa6
Rxa6 41. bxa6 Kg7 42. a7 Kg6 43. a8=Q f5 44. Qc6+ f6 45. Qe8+ Kg7 46. a6 h5 47.
Qxh5 Kg8 48. Qxf5 Kf7 49. a7 Ke7 50. a8=Q Kd6 51. Bf4+ Ke7 52. Qb7+ Ke8 53. Qxf6
1/2-1/2

[Event ";)"]
[Site "http://www.queenalice.com/game.php?id=1189966"]
[Date "2013.6.11"]
[Round "-"]
[White "nickpet"]
[Black "Mr_SPOCK"]
[Result "0-1"]
[WhiteElo "1665"]
[BlackElo "1502"]

1. e4 e5 2. Nf3 Nc6 3. Bc4 Nf6 4. Ng5 d5 5. exd5 Nxd5 6. d3 h6 7. Ne4 Bf5 8. O-O
h5 9. h3 Nd4 10. c3 Ne6 11. Qb3 b6 12. Bxd5 g5 13. Qb5+ Ke7 14. Bxa8 Qxa8 15.
Qxe5 Bh6 16. Qxf5 Kf8 17. Re1 Qc8 18. Nxg5 Bxg5 19. Bxg5 Ke8 20. Qf6 Kd7 21.
Qxf7+ Kc6 0-1

[Event ";)"]
[Site "http://www.queenalice.com/game.php?id=1204249"]
[Date "2013.7.31"]
[Round "-"]
[White "Mr_SPOCK"]
[Black "nickpet"]
[Result "1-0"]
[WhiteElo "1477"]
[BlackElo "1690"]

1. e4 e5 2. Qh5 Qf6 3. d4 exd4 4. e5 Qc6 5. Nf3 Qxc2 6. Bf4 Bb4+ 7. Nbd2 Qxb2 8.
Rd1 Qxa2 9. Nxd4 g6 10. Qe2 Qd5 11. Nf3 Nc6 12. Rb1 a5 13. g4 Nd4 14. Nxd4 1-0

[Event "Challenge"]
[Site "http://www.queenalice.com/game.php?id=1213835"]
[Date "2013.9.2"]
[Round "-"]
[White "Petrucio"]
[Black "nickpet"]
[Result "0-1"]
[WhiteElo "1098"]
[BlackElo "1652"]

1. Nf3 d5 2. c3 e6 3. Ne5 Qf6 4. d4 c5 5. Nd2 cxd4 6. cxd4 a6 7. Ndf3 Nc6 8. Ng4
Bb4+ 9. Bd2 Qf4 10. g3 Qxg4 11. h3 Qe4 12. a3 Bxd2+ 13. Qxd2 Nxd4 14. Qd3 Nc2+
15. Kd2 Nxa1 16. Bg2 Nb3+ 17. Qxb3 Nf6 18. Rc1 O-O 19. Ng5 Qxg2 20. f3 Qxg3 21.
f4 Qxb3 22. Rc2 Ne4+ 23. Kc1 Nxg5 24. Rc3 Qb5 25. Rg3 Qxe2 26. Rxg5 Bd7 27. Re5
Rac8+ 28. Kb1 Bb5 29. Rxe2 Bxe2 30. b4 Rc3 31. Kb2 d4 32. h4 Rfc8 33. Ka2 Re3
34. Kb2 Rcc3 35. h5 Bc4 36. a4 Re2+ 37. Ka1 Rc1# 0-1

[Event "Challenge"]
[Site "http://www.queenalice.com/game.php?id=1228866"]
[Date "2013.10.31"]
[Round "-"]
[White "nickpet"]
[Black "crisvolei"]
[Result "1-0"]
[WhiteElo "1642"]
[BlackElo "1497"]

1. e4 e5 2. Nf3 Nc6 3. d4 exd4 4. Nxd4 Nxd4 5. Qxd4 f6 6. Bc4 b6 7. Qd5 Qe7 8.
Qxa8 Kd8 9. O-O d6 10. Ba6 Ke8 11. Qxc8+ Kf7 12. Bc4+ d5 13. Bxd5+ Kg6 14. Qg4#
1-0

[Event "Challenge"]
[Site "http://www.queenalice.com/game.php?id=1228867"]
[Date "2013.10.31"]
[Round "-"]
[White "crisvolei"]
[Black "nickpet"]
[Result "1-0"]
[WhiteElo "1582"]
[BlackElo "1654"]

1. e4 e5 2. d4 exd4 3. Qxd4 Nc6 4. Qc4 d6 5. Nf3 Be6 6. Qb5 Rb8 7. Nd4 Bd7 8.
Nxc6 Bxc6 9. Qb4 d5 10. Qd4 dxe4 11. Qe5+ Ne7 12. Nc3 f6 13. Qh5+ g6 14. Qe2 f5
15. Bg5 Qd5 16. Nxd5 Nxd5 17. g4 h6 18. Be3 f4 19. Bd4 Rh7 20. Qxe4+ Kd7 21.
Qxg6 Re8+ 22. Be2 Rhe7 23. Qf5+ Kd8 24. O-O-O Rxe2 25. Bf6+ Be7 26. Be5 Bg5 27.
c4 f3+ 28. Kb1 R2xe5 29. Qf7 R5e7 30. Qxf3 Rd7 31. cxd5 Bb5 32. d6 c6 33. b3 Be2
34. Qc3 Bxd1 35. Rxd1 Bf4 36. Qf6+ Kc8 37. Qxf4 Rh7 38. Qf5+ Rd7 39. Qc5 Kb8 40.
a4 a6 41. a5 Rc8 42. h4 Ka8 43. Qf5 Rcd8 44. Qe6 c5 45. f4 Rg7 46. g5 hxg5 47.
Qf6 Rgd7 48. fxg5 Rxd6 49. Rxd6 Rxd6 50. Qxd6 c4 51. g6 cxb3 52. g7 Ka7 53. Qb6+
Kb8 54. g8=Q# 1-0